书目信息 |
| 书名: | Context and culture in language teaching = | |
| 作者: | Claire Kramsch. | |
| 分册号: | ||
| 分册名: | 出版地: | [上海] : |
|
| 出版社: | 上海外语教育出版社 | |
| 出版时间: | 1999. | |
| 页数: | viii, 295 p. : | |
| 开本: | 21 cm. | |
| 丛书名: | 牛津应用语言学丛书 | |
| 中图分类号: | ||
| 科图分类号: | ||
| 其他分类号: | H09 | |
| 主题词: | ||
| 电子资源: | ||
| 000 | 01028nam 2200289 a 4500 | |
| 001 | E0732336171 | |
| 005 | 20070818153235.25 | |
| 008 | 020322r19991993cc a b 001 0 eng d | |
| 020 | @a7810465813 :@cCNY20.00. | |
| 040 | @aNUL@bchi | |
| 050 | 04 | @aP53.45@b.K73 1993 |
| 090 | @aH09 | |
| 099 | @dH09@ex59 | |
| 100 | 1 | @aKramsch, Claire J. |
| 245 | 10 | @aContext and culture in language teaching = :@b语言教学的环境与文化 / @cClaire Kramsch. |
| 246 | 31 | @a语言教学的环境与文化 |
| 250 | @a影印本. | |
| 260 | @a[上海] :@b上海外语教育出版社,@c1999. | |
| 300 | @aviii, 295 p. :@bill. ;@c21 cm. | |
| 440 | 0 | @a牛津应用语言学丛书 |
| 500 | @a本书由牛津大学出版社授权上海外语教育出版社出版 | |
| 504 | @aIncludes bibliographical references (p. [268]-289) and index. | |
| 534 | @pOriginally published:@cOxford : Oxford University Press, c1993,@z0194371875. | |
| 650 | 0 | @aDiscourse analysis. |
| 650 | 0 | @aLanguage and languages@xStudy and teaching. |
| 650 | 0 | @aLanguage and culture. |
| 920 | @a232010@z2 | |
| Context and culture in language teaching = : : 语言教学的环境与文化 / / Claire Kramsch.-影印本.-[上海] : : 上海外语教育出版社, , 1999. |
| viii, 295 p. : : ill. ; ; 21 cm.- (牛津应用语言学丛书 ) |
| 本书由牛津大学出版社授权上海外语教育出版社出版.-Includes bibliographical references (p. [268]-289) and index. |
| ISBN 7810465813 :CNY20.00. |
| ● |
| 相关链接 |
|
|
|
|
正题名:Context and culture in language teaching =
索取号:H09/x59
 
预约/预借
| 序号 | 登录号 | 条形码 | 馆藏地/架位号 | 状态 | 备注 |
| 1 | 0000426 | 300004260 | 第二样本阅览室/ [索取号:H09/x59] | 在馆 | |
| 2 | 0000427 | 300004279 | 第四借阅区/ [索取号:H09/x59] | 在馆 | |
| 3 | 0000428 | 300004288 | 第四借阅区/ [索取号:H09/x59] | 在馆 | |
| 4 | 0000429 | 300004297 | 第四借阅区/ [索取号:H09/x59] | 在馆 | |
| 5 | 16696 | 300166969 | 第四借阅区/ [索取号:H09/x59] | 在馆 |